| 000 | 00764nam a22002295i 4500 | ||
|---|---|---|---|
| 001 | 176283 | ||
| 003 | ES-MaACL | ||
| 005 | 20250801143537.0 | ||
| 008 | 110104s1975 sp |||| | spa d | ||
| 020 | _a84-7339-045-8 | ||
| 080 | _a82.0:316.3 | ||
| 100 | 1 |
_aAmbrogio, Ignazio. _9144595 |
|
| 245 | 1 | 0 |
_aIdeologías y técnicas literarias / _cIgnazio Ambrogio ; traducción: Antonio Sánchez Trigueros. |
| 260 |
_a[Madrid] : _bAkal, _cD. L. 1975. |
||
| 300 |
_a194 p. ; _c22 cm. |
||
| 490 | 1 |
_aManifiesto. Teoría y crítica ; _v7 |
|
| 650 | 0 | 7 |
_aLiteratura y sociedad _2embne _914679 |
| 700 | 1 |
_aSánchez Trigueros, Antonio. _9102963 |
|
| 830 | 0 |
_aManifiesto. Teoría y crítica ; _v7 _9223997 |
|
| 852 |
_aES-MaACL _jE-13930 |
||
| 999 |
_c176283 _d176283 |
||